La violencia en la televisión y la conducta agresiva en niños de 5 años

Gardado en:
Detalles Bibliográficos
Autor Principal: Acosta Dent, Teresita y Bonilla Corvetti, Ana Patricia
Formato: Libro
Idioma:Undetermined
Publicado: San José, Costa Rica Escuela de Psicología,Universidad de Costa Rica 1981
Materias:
Etiquetas: Engadir etiqueta
Sen Etiquetas, Sexa o primeiro en etiquetar este rexistro!

MARC

LEADER 00000nam a2200000Ia 4500
008 170316s9999 xx 000 0 und d
090 |a Tesis 347 
100 |a Acosta Dent, Teresita y Bonilla Corvetti, Ana Patricia 
245 |a La violencia en la televisión y la conducta agresiva en niños de 5 años 
260 |a San José, Costa Rica 
260 |b Escuela de Psicología,Universidad de Costa Rica 
260 |c 1981 
300 |a 183 páginas 
650 |a LICENCIATURA EN PSICOLOGÍA 
650 |a TRABAJO FINAL DE GRADUACIÓN 
999 |c 29339  |d 29339 
040 |a cru BVZT 
942 |c 15 D  |h Tesis 347  |2 z